| 000 | 00816cam a22002897a 4500 | ||
|---|---|---|---|
| 999 |
_c732 _d732 |
||
| 001 | 005121858 | ||
| 003 | OCoLC | ||
| 005 | 20191205155822.0 | ||
| 008 | 091206r19911990enk 000 1 eng | ||
| 015 | _aGB92-1027 | ||
| 020 | _a0552134635 (pbk) : | ||
| 020 | _a9780552134637 (pbk) | ||
| 035 | _a(OCoLC)26307800 | ||
| 040 |
_aUKM _cUKM _dOCLCQ _dTXH _dNCTU |
||
| 042 | _anbic | ||
| 082 | _aFIC PRA | ||
| 100 | 1 |
_aPratchett, Terry. _eauthor |
|
| 245 | 1 | 0 |
_aMoving pictures / _cTerry Pratchett |
| 260 |
_aLondon : _bCorgi Books, _c1991. |
||
| 300 |
_a332 p. ; _c18 cm. |
||
| 490 | 0 | _aThe Discworld series. | |
| 500 | _aOriginally published: London : Gollancz, 1990. | ||
| 650 | 0 |
_aDiscworld (Imaginary place) _vFiction. |
|
| 653 | 0 | _aEnglish fiction. | |
| 655 | 7 |
_aFantasy fiction. _2gsafd. |
|
| 942 |
_2ddc _cFIC |
||